000 00418nam a22001457a 4500
082 _a621.384.
_bDAR.
_cL-11, P-62.
100 _aDarr, Jack.
_941665
245 _aHow to Install & Service Auto Radios.
_cDarr, Jack.
250 _a2nd ed.
260 _aNew York.
_bJohn F. Rider
_cc1959.
300 _aiii, 154 p. :
_bill
_c18 cm
526 _a0
_b0
_c0
_d621_384000000000000__DAR
650 _aMCE
_9379
942 _2ddc
_cBK
999 _c545712
_d545712